Изучение особенностей применения переменнотоковой и импульсной полярографии при анализе чистых веществ: автореферат диссертации на соискание ученой степени кандидата химических наук; спец. 02.00.02

Detalles Bibliográficos
Autor principal: Варавко Т. Н. Татьяна Николаевна
Autor Corporativo: Государственный научно-исследовательский и проектный институт редкометаллической промышленности
Otros Autores: Каплан Б. Я. (научный руководитель)
Sumario:Защита сост. 05.07.1977 г.
Lenguaje:ruso
Publicado: Москва, [Б. и.], 1977
Materias:
Formato: MixedMaterials Libro
KOHA link:https://koha.lib.tpu.ru/cgi-bin/koha/opac-detail.pl?biblionumber=340647

MARC

LEADER 00000nam0a2200000 4500
001 340647
005 20231102005248.0
035 |a (RuTPU)RU\TPU\book\367570 
090 |a 340647 
100 |a 20180404d1977 k y0rusy50 ca 
101 0 |a rus 
102 |a RU 
105 |a y dm 001zy 
200 1 |a Изучение особенностей применения переменнотоковой и импульсной полярографии при анализе чистых веществ  |e автореферат диссертации на соискание ученой степени кандидата химических наук  |e спец. 02.00.02  |f Т. Н. Варавко  |g Государственный научно-исследовательский и проектный институт редкометаллической промышленности ; науч. рук. Б. Я. Каплан 
210 |a Москва  |c [Б. и.]  |d 1977 
215 |a 20 с. 
300 |a Защита сост. 05.07.1977 г. 
320 |a Библиогр.: с. 19-20 (12 назв.) 
606 1 |a Химические вещества, особо чистые  |x Химический анализ  |2 stltpush  |3 (RuTPU)RU\TPU\subj\74808  |9 86803 
606 1 |a Полярографический анализ  |2 stltpush  |3 (RuTPU)RU\TPU\subj\50820  |9 69454 
610 1 |a переменнотоковая полярография 
610 1 |a импульсная полярография 
610 1 |a изучение 
610 1 |a применение 
610 1 |a аналитическая химия 
610 1 |a библиотека А. Г. Стромберга 
610 1 |a авторефераты диссертаций 
675 |a 543.552(04)  |v 4 
675 |a 543.6(04)  |v 4 
686 |a 02.00.02  |2 oksvnk 
700 1 |a Варавко  |b Т. Н.  |g Татьяна Николаевна 
702 1 |a Каплан  |b Б. Я.  |4 727 
712 0 2 |a Государственный научно-исследовательский и проектный институт редкометаллической промышленности  |2 stltpush  |3 (RuTPU)RU\TPU\col\12746  |9 25517 
801 1 |a RU  |b 63413507  |c 20180404 
801 2 |a RU  |b 63413507  |c 20180524  |g RCR 
942 |c BK